| 000 | 00371nam a2200145 a 4500 | ||
|---|---|---|---|
| 005 | 20140414093848.0 | ||
| 008 | 110621s19uu xx 00 eng d | ||
| 050 |
_aDVD 909.82 _bCOL (3) 2004 |
||
| 245 |
_aCold war : _bThe art of persuasion. |
||
| 260 |
_aUSA : _bA2ZCDS, _c2004. |
||
| 500 | _aCartoon chronicles | ||
| 650 | _aHistory | ||
| 942 | _cAVM | ||
| 999 |
_c109770 _d109770 |
||